ARRUPE JESUIT UNIVERSITY

CORONAVIRUS -STOP THE SPREAD - CLEAN,DISINFECT,COVER

Les sages dépossédés : (Record no. 127768)

MARC details
000 -LEADER
fixed length control field 00936cam a2200289 i 4500
001 - CONTROL NUMBER
control field 843422
003 - CONTROL NUMBER IDENTIFIER
control field ARRUPE
005 - DATE AND TIME OF LATEST TRANSACTION
control field 20180323120009.0
008 - FIXED-LENGTH DATA ELEMENTS--GENERAL INFORMATION
fixed length control field 780208s1977 fr a b 000 0 fre
010 ## - LIBRARY OF CONGRESS CONTROL NUMBER
LC control number 77570145
015 ## - NATIONAL BIBLIOGRAPHY NUMBER
National bibliography number F***
020 ## - INTERNATIONAL STANDARD BOOK NUMBER
Terms of availability 45.00F
040 ## - CATALOGING SOURCE
Original cataloging agency DLC
Transcribing agency DLC
Modifying agency DLC
043 ## - GEOGRAPHIC AREA CODE
Geographic area code fb-----
050 00 - LIBRARY OF CONGRESS CALL NUMBER
Classification number BL2466
Item number .T48
082 00 - DEWEY DECIMAL CLASSIFICATION NUMBER
Classification number 200/.967
300 ## - PHYSICAL DESCRIPTION
Other physical details ill. ;
Dimensions 22 cm.
100 1# - MAIN ENTRY--PERSONAL NAME
Personal name Thomas, Louis-Vincent,
Dates associated with a name 1922-
9 (RLIN) 38364
245 14 - TITLE STATEMENT
Title Les sages dépossédés :
Remainder of title univers magiques d'Afrique du Nord /
Statement of responsibility, etc Louis-Vincent Thomas, René Luneau.
260 ## - PUBLICATION, DISTRIBUTION, ETC. (IMPRINT)
Place of publication, distribution, etc Paris :
Name of publisher, distributor, etc R. Laffont,
Date of publication, distribution, etc [c1977]
300 ## - PHYSICAL DESCRIPTION
Extent 306 p. :
490 0# - SERIES STATEMENT
Series statement Aux origines du sacré
504 ## - BIBLIOGRAPHY, ETC. NOTE
Bibliography, etc Includes bibliographical references.
650 #0 - SUBJECT ADDED ENTRY--TOPICAL TERM
Topical term or geographic name as entry element Occultism
Geographic subdivision Africa, Sub-Saharan.
9 (RLIN) 40945
651 #0 - SUBJECT ADDED ENTRY--GEOGRAPHIC NAME
Geographic name Africa, Sub-Saharan
General subdivision Religion.
9 (RLIN) 40946
700 1# - ADDED ENTRY--PERSONAL NAME
Personal name Luneau, René,
Relator term joint author.
9 (RLIN) 38510
906 ## - LOCAL DATA ELEMENT F, LDF (RLIN)
a 7
b cbc
c orignew
d 4
e ncip
f 19
g y-gencatlg
942 ## - ADDED ENTRY ELEMENTS (KOHA)
Source of classification or shelving scheme Library of Congress Classification
Koha item type Monograph ( Printed materials)
Holdings
Withdrawn status Lost status Source of classification or shelving scheme Damaged status Not for loan Collection code Home library Current library Shelving location Date acquired Total Checkouts Full call number Barcode Date last seen Price effective from Koha item type
    Library of Congress Classification     Main Collection ARRUPE LIBRARY ARRUPE LIBRARY Main Collection 23/03/2018   BL2466 .T48 46600001859 23/03/2018 23/03/2018 Monograph ( Printed materials)

 

Arrupe Library. PO Box MP320 Mt Pleasant, Harare, Zimbabwe
263 242 745411|librarian@aju.ac.zw